Statistics for Chelsea Squad 2023/24

Click here to take the quiz!

General Stats

  • This quiz has been taken 12 times
  • The average score is 19 of 37

Answer Stats

NumberAnswerNation% Correct
8Enzo FernándezArgentina
91%
3Marc CucurellaSpain
82%
10Mykhailo MudrykUkraine
82%
24Reece JamesEngland
82%
1Robert SánchezSpain
82%
6Thiago SilvaBrazil
82%
2Axel DisasiFrance
73%
21Ben ChilwellEngland
73%
25Moisés CaicedoEcuador
73%
15Nicolas JacksonSenegal
73%
5Benoît BadiashileFrance
64%
23Conor GallagherEngland
64%
27Malo GustoFrance
64%
11Noni MaduekeEngland
64%
7Raheem SterlingEngland
64%
45Roméo LaviaBelgium
64%
33Wesley FofanaFrance
64%
17Carney ChukwuemekaEngland
55%
18Christopher NkunkuFrance
55%
26Levi ColwillEngland
55%
14Trevoh ChalobahEngland
55%
19Armando BrojaAlbania
45%
48Bashir HumphreysEngland
45%
29Ian MaatsenNetherlands
45%
16Lesley UgochukwuFrance
45%
47Lucas BergströmFinland
45%
13Marcus BettinelliEngland
45%
37Mason BurstowEngland
45%
42Diego MoreiraPortugal
36%
50Eddie BeachWales
27%
58Alfie GilchristEngland
9%
55Tino AnjorinEngland
9%
60Jamie CummingEngland
0%
62Jimi TauriainenFinland
0%
43Josh BrookingEngland
0%
75Ronnie StutterEngland
0%
73Sam Rak-SakyiEngland
0%

Score Distribution

Percentile by Number Answered

Percent of People with Each Score

Your Score History

You have not taken this quiz